000 00453nam a22001577a 4500
005 20251108163348.0
008 250721s9999 xx 000 0 ara d
082 1 4 _a001.64/رما
100 1 _aالرماحي، سامي كاظم حسن
245 1 0 _aمحو أمية الكومبيوتر /
264 1 _aعمان :
_bدار الراتب الجامعية،
_c[19-].
300 _a309ص.
650 1 7 _aالحواسيب
942 _2ddc
_cBK
999 _c744
_d744